00740nam a2200193 i 4500001000700000003000900007005001700016007000300033008004100036100004200077245009700119250005400216260004100270300002600311700003200337852003200369999001900401952012600420101791ES-MaACL20230906182959.0t|051025s1960 fr ||||1| fre d1 aMeillet, Antoine (d1866-1936)97984310aTraité de grammaire comparée des langues classiques / cpar A. Meillet et J. Vendryès. a3ª ed. brevue et augmentée par J. Vendryès. aParis : bHonoré Champion, c1960. aXX, 779 p. ; c23 cm.1 aVendryès, Joseph.9113883 aES-MaACLjC-16882 bR.45145 c101791d101791 00104070aATENEOMbATENEOMcGaleríad2008-01-17eSCl0oC-16882p1106267r2023-02-23 00:00:00w2023-02-23yMONOGRAFIA